000 01327cam a22003734i 4500
003 PE-LiUPU
005 20250731184116.0
008 s1983 sp r 00 0 spa d
020 _a8437600200
035 _a(Sirsi) i9788437600208
035 _a(Sirsi) 15078
035 _a(Sirsi) 15078
041 _aes
044 _aes
082 0 4 _a811.41
_bL54,
_221
100 1 _aLevin, Samuel R.,
_eautor.
245 _aEstructuras lingüísticas en la poesía /
_cSamuel R. Levin.
264 1 _aMadrid :
_bEdiciones Cátedra,
_c1983
300 _a106 páginas ;
_c21 centímetros
505 0 _aPoesía, gramática, estilística -- Paradigmas y posiciones -- Apareamientos -- La matriz convencional -- Un soneto -- Conclusión.
526 _aP145
526 _aP127
526 _aP97
526 _aP14
526 _aP07
650 _jPOESIA - LINGÜISTICA
942 _2ddc
_cBOOK
949 _a811.41 L54
_i25136
_lCCODEBUL1
_mBUL
_tLIBRO
_o.STAFF. Colección Teología
859 _q25136
_h811.41
_iL54
910 _aaj-em
596 _a1
999 _a811.41 L54
_wDEWEY
_c52362
_i25136
_d52362
_f2021-11-5
_g6
_lCCODEBUL1
_mBUL
_p10.00
_q1
_r0
_sY
_tBOOK
_u2015-4-23
_xBIBLIOTECA
_PP20
_0COMPRA
_o.STAFF. Colección Teología
980 _81
_gALBERTO SANCHEZ Responsable de Automatización